Statistics for Foods that Start with B

Click here to take the quiz!

General Stats

  • This quiz has been taken 55,904 times
    (6,842 since last reset)
  • The average score is 14 of 20

Answer Stats

Answer % Correct
Banana
100%
Broccoli
99%
Bacon
99%
Bagel
95%
Brussels Sprouts
91%
Blackberries
91%
Baguette
89%
Basil
82%
Brie
81%
Burrito
77%
{Butternut} Squash
72%
{Black}-{Eyed} Peas
70%
Bratwurst
70%
{Brazil} Nut
69%
Bok Choy
46%
Borscht
46%
{Bundt} Cake
44%
Biscotti
39%
Blintz
24%
Breadfruit
14%

Score Distribution

Percentile by Number Answered

Percent of People with Each Score

Your Score History

You have not taken this quiz since the last reset